00560nam a2200181 a 45000010010000000030011000100080041000210200015000620350026000771000021001032450105001242500019002292600036002483000017002845000017003016500030003188560030003480001-1179ELIB.Books150508 2010 eng  a080109058X a(ELIB.Books)0001-1334 aChoun, Robert J. aThe Christian Educator's Handbook on Children's Ministry:bReaching and Teaching the Next Generation aSecond Edition aGrand RapidsbBaker Booksc1998 a317c23.5 Cm aC/o Moe Lwei aChurch Work with Children nKBTS: LibraryuKBTS: Elib